| 000 | 00356nam a2200121Ia 4500 | ||
|---|---|---|---|
| 008 | 230907s9999||||xx |||||||||||||| ||und|| | ||
| 082 | _a620.11299,BRA | ||
| 100 |
_aBrandon, D. G. _9115072 |
||
| 245 | 0 | _aMicrostructural characterization of materials / | |
| 260 |
_aJohn Wiley & Sons, _bChichester, England : _c2008 |
||
| 300 | _axiv, 536 p. : | ||
| 942 | _cBK | ||
| 999 |
_c597465 _d597465 |
||